| 000 | 05981nam a22002537a 4500 | ||
|---|---|---|---|
| 999 |
_c65310 _d65310 |
||
| 005 | 20240530110818.0 | ||
| 008 | 190704s2019 ua a g b 00| 0 ara d | ||
| 017 |
_a10881 _bمصر. دار الكتب |
||
| 020 | _a9789777332736 | ||
| 040 |
_aEG-CaGPL _cEG-CaGPL |
||
| 082 | 0 | 4 |
_221 _a375.006 / _bع م |
| 100 | 0 | _aعبدالمنعم محمد عبدالعليم شرف | |
| 245 | 1 | 0 |
_aمنهج العلوم للمدرسة الشاملة للتلاميذ العاديين والمعاقين : _bدليل للمعلمين ومصممى المناهج / _cتاليف عبدالمنعم محمد عبدالعليم شرف |
| 260 |
_aالاسكندرية : _bدار التعليم الجامعى، _c2019. |
||
| 300 |
_a226 ص. : _bجداول ؛ _c24 سم . |
||
| 504 | _aيشتمل على ارجاعات ببليوجرافية | ||
| 650 | 0 | 7 |
_2qrmak _aالمناهج _xتخطيط |
| 650 | 0 | 7 |
_2qrmak _aالمناهج _xتقييم |
| 650 | 0 | 7 |
_2qrmak _aالمناهج _vادلة |
| 651 | _2qrmak | ||
| 653 | 0 | _aالمعوقون - مناهج | |
| 942 |
_2ddc _cBK |
||